[Event "25e tournoi 1hKO"]
[Site "Montigny le Bretonneux"]
[Date "2023.05.20"]
[Round "4.9"]
[White "Zheng, Linyi"]
[Black "Payot, Guillaume"]
[Result "0-1"]
[WhiteElo "1561"]
[BlackElo "1402"]
[Annotator "Rivier,Sylvain"]
[PlyCount "83"]
[EventDate "2023.??.??"]

{Défense française, variante d'échange} 1. e4 e6 2. d4 d5 3. exd5 exd5 4. c3
Bd6 5. Bd3 Nc6 6. Nf3 Nge7 7. Nh4 Be6 8. O-O Qd7 9. Qb3 O-O-O 10. Be3 f6 11.
Nd2 g5 12. Nhf3 Bf5 13. c4 Bxd3 14. Qxd3 h5 15. a3 h4 16. h3 g4 17. hxg4 Qxg4
18. Nh2 Qg7 19. Qe2 f5 20. c5 Bxh2+ 21. Kxh2 Rdf8 22. Qf3 f4 23. Bxf4 Qxd4 24.
Qh3+ Kb8 25. Be3 Qe5+ 26. Kh1 d4 27. Nf3 Qxc5 28. b4 Qb6 29. Bd2 Qa6 30. a4 Qc4
31. b5 Rxf3 32. Qxf3 Ne5 33. Qh3 Qe2 34. Bf4 Ng4 35. Qf3 Qxf3 36. gxf3 Nf6 37.
Be5 Rf8 38. Bxd4 Nfd5 39. Ra3 Nf4 40. Bc5 Rf7 41. Bxe7 Rxe7 42. Re3 0-1

[Event "25e tournoi 1hKO"]
[Site "Montigny le Bretonneux"]
[Date "2023.05.20"]
[Round "4.10"]
[White "Sondermeijer, Antoine"]
[Black "Kissian, Pascal"]
[Result "1-0"]
[WhiteElo "1485"]
[BlackElo "1523"]
[Annotator "Rivier,Sylvain"]
[PlyCount "43"]
[EventDate "2023.??.??"]

{DÃ©fense scandinave} 1. e4 d5 2. Nf3 dxe4 3. Ng5 Nf6 4. Bc4 e6 5. Nc3 Be7 6.
Ngxe4 b6 7. O-O Bb7 8. Re1 O-O 9. d4 Bb4 10. Bg5 Nbd7 11. d5 e5 12. a3 Be7 13.
d6 cxd6 14. Nxd6 Bxd6 15. Qxd6 Qc8 16. Bb3 Rd8 17. Qd3 Nc5 18. Qg3 Qg4 19. Qxg4
Nxg4 20. Bxd8 Rxd8 21. Rad1 Rd5 22. Bxd5 1-0

[Event "25e tournoi 1hKO"]
[Site "Montigny le Bretonneux"]
[Date "2023.05.20"]
[Round "4.11"]
[White "Durez, Gerard"]
[Black "Martin-Breteau, Paul"]
[Result "0-1"]
[WhiteElo "1379"]
[BlackElo "1506"]
[Annotator "Rivier,Sylvain"]
[PlyCount "78"]
[EventDate "2023.??.??"]

{Partie du pion dame} 1. d4 d5 2. Bf4 c5 3. c3 Nc6 4. e3 Nf6 5. Be2 Bf5 6. Bd3
Bxd3 7. Qxd3 Qb6 8. Qc2 cxd4 9. exd4 Rc8 10. Be3 e6 11. Ne2 Bd6 12. Nd2 O-O 13.
O-O Ng4 14. Nf3 Nxe3 15. fxe3 e5 16. e4 exd4 17. cxd4 Nxd4 18. Nexd4 Qxd4+ 19.
Nxd4 Rxc2 20. e5 Bc7 21. b3 Rd2 22. Rfd1 Rxd1+ 23. Rxd1 Bb6 24. Kf2 Rc8 25. Kg3
Kf8 26. Rd3 Ba5 27. Kf4 Rc6 28. Kf5 g6+ 29. Kg5 Kg7 30. h4 Rc2 31. g3 Rc3 32.
Rxc3 Bxc3 33. h5 h6+ 34. Kf4 Bxd4 35. hxg6 Kxg6 36. g4 Bc3 37. a3 Bd2+ 38. Kg3
Kg5 39. Kf3 Bc3 0-1

[Event "25e tournoi 1hKO"]
[Site "Montigny le Bretonneux"]
[Date "2023.05.20"]
[Round "4.12"]
[White "Ferreira, Carlos"]
[Black "Nosperger, Theo"]
[Result "1-0"]
[WhiteElo "1675"]
[BlackElo "1199"]
[Annotator "Rivier,Sylvain"]
[PlyCount "61"]
[EventDate "2023.??.??"]

{Partie du pion dame} 1. d4 Nf6 2. Bf4 d5 3. e3 c5 4. c3 Nc6 5. Bd3 c4 6. Bc2
e6 7. Nf3 Bd6 8. Bg3 Nh5 9. Bxd6 Qxd6 10. O-O O-O 11. Bxh7+ Kxh7 12. Ng5+ Kh6
13. f4 g6 14. Rf3 Kg7 15. g4 Nf6 16. Rh3 Bd7 17. Nd2 Rh8 18. Rg3 Rh6 19. Ngf3
Rhh8 20. Qc2 Nh7 21. Rb1 f5 22. gxf5 exf5 23. Nh4 Ne7 24. Ndf3 Nf6 25. Rg2 Ng4
26. Qd2 Ba4 27. h3 Nf6 28. Qe1 Ne4 29. Ne5 Rh6 30. Nexg6 Nxg6 31. Nxf5+ 1-0

[Event "25e tournoi 1hKO"]
[Site "Montigny le Bretonneux"]
[Date "2023.05.20"]
[Round "4.13"]
[White "Hoarau, Jules"]
[Black "Cogez, Celine"]
[Result "1-0"]
[WhiteElo "1416"]
[BlackElo "1505"]
[Annotator "Rivier,Sylvain"]
[PlyCount "71"]
[EventDate "2023.??.??"]

{Partie du pion dame} 1. d4 d5 2. Nf3 Nf6 3. Bf4 Bf5 4. e3 e6 5. c4 Bb4+ 6. Nc3
c6 7. Qb3 Bxc3+ 8. bxc3 Qc8 9. Nh4 O-O 10. Nxf5 exf5 11. c5 Re8 12. Rb1 Nh5 13.
Bd6 f4 14. Be2 Nf6 15. Bxf4 b5 16. cxb6 axb6 17. Qxb6 Nbd7 18. Qb2 Nf8 19. h3
Ng6 20. Bh2 h6 21. O-O Re7 22. Rfc1 Rea7 23. Ra1 Ne4 24. Bd3 Ra3 25. f3 Ng5 26.
Qc2 Qe6 27. Qf2 Re8 28. Re1 Nh4 29. Bg3 Ng6 30. h4 Nxf3+ 31. gxf3 h5 32. e4
Raa8 33. exd5 Qxd5 34. Rxe8+ Rxe8 35. Bxg6 fxg6 36. Qg2 1-0

[Event "25e tournoi 1hKO"]
[Site "Montigny le Bretonneux"]
[Date "2023.05.20"]
[Round "4.14"]
[White "Lamorelle, Alexey"]
[Black "Couradin, Jean-Marie"]
[Result "1-0"]
[WhiteElo "1293"]
[BlackElo "1476"]
[Annotator "Rivier,Sylvain"]
[PlyCount "50"]
[EventDate "2023.??.??"]

{DÃ©fense Pirc, variante classique} 1. e4 d6 2. d4 Nf6 3. Nc3 g6 4. Nf3 Bg7 5.
Bc4 O-O 6. O-O c6 7. Be3 b5 8. Be2 b4 9. e5 Ng4 10. Ne4 Nxe3 11. fxe3 Bf5 12.
Ng3 Bd7 13. exd6 exd6 14. Ne4 Qc7 15. Qe1 Bf5 16. Bd3 Bxe4 17. Bxe4 Re8 18. Bd3
a5 19. Qh4 h6 20. e4 Nd7 21. Rf2 c5 22. c3 Nf8 23. Raf1 Re7 24. Kh1 Ra7 25. Bc2
c4 1-0

[Event "25e tournoi 1hKO"]
[Site "Montigny le Bretonneux"]
[Date "2023.05.20"]
[Round "4.15"]
[White "Druet, Arnaud"]
[Black "Suffert, Martin"]
[Result "0-1"]
[WhiteElo "1199"]
[BlackElo "1368"]
[Annotator "Rivier,Sylvain"]
[PlyCount "90"]
[EventDate "2023.??.??"]

{DÃ©fense scandinave} 1. e4 d5 2. exd5 Qxd5 3. Nc3 Qa5 4. d4 Nf6 5. Bd2 c6 6.
Nf3 Bg4 7. Be2 Qc7 8. Ne5 Bf5 9. Bg5 e6 10. O-O Be7 11. Bf4 Qd8 12. Bf3 O-O 13.
Ne2 Nbd7 14. Ng3 Bg6 15. Nxg6 hxg6 16. c3 Nd5 17. Bd2 N7b6 18. b3 Qc7 19. c4
Nf6 20. c5 Nbd5 21. h4 Rfd8 22. h5 gxh5 23. Nxh5 Nxh5 24. Bxh5 Nf6 25. Be3 Nxh5
26. Qxh5 Bf6 27. Rad1 Rd5 28. Qe2 Rad8 29. Rd3 Bxd4 30. Bxd4 Rxd4 31. Rxd4 Rxd4
32. g3 Qa5 33. Rc1 Qd2 34. Qxd2 Rxd2 35. Ra1 Kf8 36. Kg2 a5 37. a3 Ke7 38. b4
Kd7 39. Rb1 axb4 40. Rxb4 Kc7 41. Ra4 Kb8 42. Rb4 Rc2 43. Rd4 Kc7 44. Ra4 Rxc5
45. Ra8 Rd5 {suite illisible} 0-1

[Event "25e tournoi 1hKO"]
[Site "Montigny le Bretonneux"]
[Date "2023.05.20"]
[Round "4.16"]
[White "Witkowski, Gwendal"]
[Black "Baysse, Nathan"]
[Result "1-0"]
[WhiteElo "1470"]
[BlackElo "1199"]
[Annotator "Rivier,Sylvain"]
[PlyCount "69"]
[EventDate "2023.??.??"]

{Gambit dame, défense slave} 1. d4 d5 2. c4 c6 3. Nc3 Bf5 4. cxd5 cxd5 5. Qb3
Qd7 6. Qxd5 e6 7. Qxd7+ Nxd7 8. e4 Bg6 9. Bd3 Bb4 10. Nge2 Rc8 11. Bd2 a6 12.
Nf4 Ne7 13. Nxg6 Nxg6 14. O-O e5 15. d5 Bxc3 16. bxc3 Nc5 17. Bc2 O-O 18. Rab1
Rc7 19. c4 Rb8 20. f3 Nd7 21. Bd3 Nf4 22. Bxf4 exf4 23. Rfc1 Ne5 24. Bf1 Kf8
25. c5 b5 26. a4 b4 27. Bxa6 Ra7 28. Bb5 Rxb5 29. axb5 Ra5 30. c6 Ra8 31. b6
Re8 32. c7 Ke7 33. b7 Nd7 34. c8=Q Rxc8 35. bxc8=Q 1-0

[Event "25e tournoi 1hKO"]
[Site "Montigny le Bretonneux"]
[Date "2023.05.20"]
[Round "4.17"]
[White "Bozier, Teodor"]
[Black "Moulun, Raphael"]
[Result "1-0"]
[WhiteElo "1213"]
[BlackElo "1355"]
[Annotator "Rivier,Sylvain"]
[PlyCount "75"]
[EventDate "2023.??.??"]

{DÃ©fense Petroff} 1. e4 e5 2. Nf3 Nf6 3. Nxe5 d6 4. Nf3 Nxe4 5. Nc3 Nxc3 6.
bxc3 Be7 7. d4 O-O 8. h3 Re8 9. Be2 Nd7 10. O-O Nf6 11. Bd3 Be6 12. Re1 c6 13.
Bf4 Qd7 14. c4 Nh5 15. Bg5 g6 16. Bxe7 Rxe7 17. Ng5 Rae8 18. Qd2 Kg7 19. Re3
Nf4 20. Rf3 Nxd3 21. Rxd3 Bf5 22. Re3 f6 23. Nf3 Rxe3 24. fxe3 Be4 25. Rf1 Qe6
26. Qc3 d5 27. cxd5 cxd5 28. Rf2 Rc8 29. Qb3 Rc7 30. c3 Qa6 31. Nd2 Bd3 32.
Qxd5 Qb6 33. Nb3 Bc4 34. Qa5 Qxa5 35. Nxa5 Bxa2 36. Rxa2 b6 37. Nb3 a5 38. Rc2
1-0

[Event "25e tournoi 1hKO"]
[Site "Montigny le Bretonneux"]
[Date "2023.05.20"]
[Round "4.18"]
[White "Abdallaoui, Mohamed Mehdi"]
[Black "El Yaalaoui, Adam"]
[Result "1-0"]
[WhiteElo "1352"]
[BlackElo "1199"]
[Annotator "Rivier,Sylvain"]
[PlyCount "53"]
[EventDate "2023.??.??"]

{DÃ©fense est-indienne} 1. Nf3 Nf6 2. c4 g6 3. d4 d6 4. Nc3 Bg7 5. e3 O-O 6.
Be2 Nbd7 7. e4 c5 8. d5 Ng4 9. O-O Nge5 10. Nxe5 Nxe5 11. f4 Nd7 12. Be3 Nb6
13. Qd2 e6 14. f5 exf5 15. exf5 Bxf5 16. Rxf5 gxf5 17. Rf1 Qd7 18. Bd3 f4 19.
Rxf4 Bh6 20. Bf5 Qe7 21. Rg4+ Bg7 22. Bh6 Rfe8 23. Rxg7+ Kh8 24. Rxh7+ Kg8 25.
Ne4 Qh4 26. Bg5 Nxc4 27. Qc3 1-0

[Event "25e tournoi 1hKO"]
[Site "Montigny le Bretonneux"]
[Date "2023.05.20"]
[Round "4.19"]
[White "Garabedian, Christophe"]
[Black "Couradin, Bruno"]
[Result "0-1"]
[WhiteElo "1199"]
[BlackElo "1343"]
[Annotator "Rivier,Sylvain"]
[PlyCount "38"]
[EventDate "2023.??.??"]

{Partie italienne} 1. e4 e5 2. Nf3 Nc6 3. Bc4 h6 4. d4 exd4 5. e5 Bc5 6. O-O d6
7. Re1 Nge7 8. Nbd2 O-O 9. h3 Ng6 10. Ne4 Bf5 11. Bd3 Bxe4 12. Bxe4 Ngxe5 13.
Bf4 Ng6 14. Qd2 Qf6 15. g3 Bb4 16. c3 dxc3 17. Qc2 cxb2 18. Nd2 bxa1=Q 19. Rxa1
Qxa1+ 0-1

[Event "25e tournoi 1hKO"]
[Site "Montigny le Bretonneux"]
[Date "2023.05.20"]
[Round "4.20"]
[White "Nosperger, Mael"]
[Black "Zheng, Zhaokang"]
[Result "1-0"]
[WhiteElo "1334"]
[BlackElo "1009"]
[Annotator "Rivier,Sylvain"]
[PlyCount "79"]
[EventDate "2023.??.??"]

{Défense Alekhine, variante de chasse} 1. e4 e5 2. d3 Nf6 3. Nd2 Bc5 4. g3 d5
5. Bg2 dxe4 6. Nxe4 Nxe4 7. Bxe4 O-O 8. Nf3 Nc6 9. Be3 Bxe3 10. fxe3 Bd7 11.
O-O Bh3 12. Rf2 f5 13. Bxc6 bxc6 14. Nxe5 Qd6 15. d4 c5 16. c3 cxd4 17. cxd4 c5
18. Qb3+ Kh8 19. Nf7+ Rxf7 20. Qxf7 Rf8 21. Qc4 h6 22. Qxc5 Qxc5 23. dxc5 Rc8
24. b4 a5 25. a3 a4 26. Rc1 Re8 27. c6 Rc8 28. b5 f4 29. exf4 Rb8 30. Rb2 Bf5
31. b6 Be4 32. c7 Rc8 33. b7 Bxb7 34. Rxb7 Kg8 35. Rb8 Rxb8 36. cxb8=Q+ Kh7 37.
Qb1+ Kg8 38. Qg6 Kf8 39. Rc7 Kg8 40. Qxg7# 1-0

[Event "25e tournoi 1hKO"]
[Site "Montigny le Bretonneux"]
[Date "2023.05.20"]
[Round "4.21"]
[White "Nguyen, Alexandre"]
[Black "Tanchoux, Pierre"]
[Result "1-0"]
[WhiteElo "1199"]
[BlackElo "1236"]
[Annotator "Rivier,Sylvain"]
[PlyCount "49"]
[EventDate "2023.??.??"]

{Partie du pion dame, variante Tartacover} 1. d4 Nf6 2. Bg5 d5 3. e3 Bg4 4. Nf3
c6 5. Be2 Nbd7 6. O-O h6 7. Bh4 Ne4 8. h3 Bf5 9. Nfd2 Nxd2 10. Nxd2 f6 11. Bg4
e6 12. Bxf5 exf5 13. Qh5+ Ke7 14. Qxf5 Qe8 15. e4 Kd8 16. exd5 cxd5 17. Qxd5
Qe2 18. Rad1 Qa6 19. Rfe1 Be7 20. Re6 Qa4 21. Rde1 Re8 22. Bg3 Rc8 23. Bd6 Qxc2
24. Bxe7+ Kc7 25. Qd6# 1-0

[Event "25e tournoi 1hKO"]
[Site "Montigny le Bretonneux"]
[Date "2023.05.20"]
[Round "4.22"]
[White "Orfila, Leila"]
[Black "Bouloc, Roger"]
[Result "0-1"]
[WhiteElo "1009"]
[BlackElo "1357"]
[Annotator "Rivier,Sylvain"]
[PlyCount "50"]
[EventDate "2023.??.??"]

{Défense sicilienne} 1. e4 c5 2. e5 Nc6 3. Nf3 d6 4. Bb5 Bd7 5. O-O Nxe5 6.
Nxe5 Bxb5 7. d3 dxe5 8. Nc3 Bc6 9. Ne2 Qd5 10. f3 e6 11. Nc3 Qd4+ 12. Rf2 Bd6
13. Ne4 Bxe4 14. fxe4 Qa4 15. Bg5 f6 16. Bh4 c4 17. dxc4 Bc5 18. Qf3 Bxf2+ 19.
Qxf2 O-O-O 20. g4 Ne7 21. g5 Qxc4 22. gxf6 gxf6 23. Bxf6 Rhg8+ 24. Kh1 Qxe4+
25. Qg2 Qxg2# 0-1

[Event "25e tournoi 1hKO"]
[Site "Montigny le Bretonneux"]
[Date "2023.05.20"]
[Round "4.23"]
[White "Genovart, Lucas"]
[Black "Hedjazian, Farhad"]
[Result "0-1"]
[WhiteElo "1199"]
[BlackElo "1518"]
[Annotator "Rivier,Sylvain"]
[PlyCount "63"]
[EventDate "2023.??.??"]

{Début Larsen} 1. b3 e5 2. Bb2 Nc6 3. e3 d5 4. Bb5 Bd6 5. Nf3 Bg4 6. h3 Bxf3 7.
Qxf3 Nf6 8. d3 O-O 9. Bxc6 bxc6 10. Nd2 Qe7 11. a3 c5 12. g4 c6 13. Qg2 Rab8
14. h4 a5 15. a4 Rb4 16. c4 Qe6 17. g5 Nh5 18. f3 e4 19. fxe4 dxe4 20. Nxe4 Be5
21. Bxe5 Qxe5 22. O-O Rxb3 23. Qf3 Rb2 24. Nf2 Ng3 25. Ng4 Qd6 26. e4 Qd4+ 27.
Rf2 Rxf2 28. Qxf2 Qxa1+ 29. Kg2 Nh5 30. Qf3 Qd4 31. Nf6+ Nxf6 32. gxf6 {suite
illisible} 0-1

[Event "25e tournoi 1hKO"]
[Site "Montigny le Bretonneux"]
[Date "2023.05.20"]
[Round "4.24"]
[White "Christophe, Jules"]
[Black "Orfila, Aylin"]
[Result "1-0"]
[WhiteElo "1009"]
[BlackElo "1099"]
[Annotator "Rivier,Sylvain"]
[PlyCount "25"]
[EventDate "2023.??.??"]

{Partie italienne} 1. e4 e5 2. Nf3 Nc6 3. Bc4 Nf6 4. O-O Bc5 5. d3 O-O 6. Bg5
d6 7. Nc3 Bg4 8. Nd5 Ne7 9. Nxf6+ gxf6 10. Bxf6 Qd7 11. Qd2 h6 12. Qxh6 Ng6 13.
Qg7# 1-0

[Event "25e tournoi 1hKO"]
[Site "Montigny le Bretonneux"]
[Date "2023.05.20"]
[Round "4.25"]
[White "Robic, Raphael"]
[Black "Orfila, Hugo"]
[Result "1-0"]
[WhiteElo "1099"]
[BlackElo "1009"]
[Annotator "Rivier,Sylvain"]
[PlyCount "51"]
[EventDate "2023.??.??"]

{Partie viennoise} 1. e4 e5 2. Nc3 Nf6 3. Bc4 Nc6 4. d3 Bc5 5. f4 Nd4 6. Nf3
Nxf3+ 7. gxf3 c6 8. fxe5 Nh5 9. f4 d5 10. Qxh5 dxc4 11. dxc4 b5 12. cxb5 cxb5
13. Bd2 Qd4 14. Rf1 O-O 15. f5 b4 16. Nb5 Qxb2 17. Rd1 Qxa2 18. Qg4 g6 19. Bh6
Re8 20. Qg2 Rxe5 21. fxg6 hxg6 22. Qg3 Qxc2 23. Qxe5 Bf8 24. Bxf8 Kxf8 25. Qf4
Ba6 26. Qxf7# 1-0

[Event "25e tournoi 1hKO"]
[Site "Montigny le Bretonneux"]
[Date "2023.05.20"]
[Round "4.26"]
[White "Galichet, Noe"]
[Black "Carbonero, Jean Marc"]
[Result "0-1"]
[WhiteElo "1009"]
[BlackElo "1027"]
[Annotator "Rivier,Sylvain"]
[PlyCount "46"]
[EventDate "2023.??.??"]

{Partie espagnole, variante d'échange} 1. e4 e5 2. Nf3 Nc6 3. Nc3 Bc5 4. Bb5 a6
5. Bxc6 dxc6 6. O-O Bg4 7. d3 Qf6 8. Be3 Bxe3 9. fxe3 h5 10. Qe2 Ne7 11. h3 Be6
12. g4 hxg4 13. hxg4 Bxg4 14. Qg2 Qe6 15. Kf2 f5 16. Ng5 Qf6 17. Nh3 Bxh3 18.
Qf3 Bxf1 19. Rxf1 O-O-O 20. d4 exd4 21. exd4 Qxd4+ 22. Kg3 Qe5+ 23. Kg2 Qh2#
0-1

[Event "25e tournoi 1hKO"]
[Site "Montigny le Bretonneux"]
[Date "2023.05.20"]
[Round "5.1"]
[White "Fruchard, Cyrille"]
[Black "Plantet, Marc"]
[Result "1-0"]
[WhiteElo "2330"]
[BlackElo "1821"]
[Annotator "Rivier,Sylvain"]
[PlyCount "45"]
[EventDate "2023.??.??"]

{Partie du pion dame} 1. d4 d5 2. Nf3 Nf6 3. Nbd2 e6 4. e3 c5 5. b3 cxd4 6.
exd4 Nc6 7. Bb2 Bd6 8. a3 O-O 9. Bd3 Re8 10. Ne5 Bxe5 11. dxe5 Nd7 12. Qh5 h6
13. Nf3 Nc5 14. O-O Nxd3 15. cxd3 Qb6 16. b4 a5 17. Bc1 axb4 18. Bxh6 gxh6 19.
Qxh6 Rxa3 20. Rae1 Rxd3 21. Ng5 Qc7 22. Nh7 f5 23. Nf6+ 1-0

[Event "25e tournoi 1hKO"]
[Site "Montigny le Bretonneux"]
[Date "2023.05.20"]
[Round "5.2"]
[White "Lamorelle, Julien"]
[Black "Divies, Renaud"]
[Result "1-0"]
[WhiteElo "2296"]
[BlackElo "1855"]
[Annotator "Rivier,Sylvain"]
[PlyCount "45"]
[EventDate "2023.??.??"]

{DÃ©fense sicilienne, variante Paulsen} 1. e4 c5 2. Nf3 e6 3. d4 cxd4 4. Nxd4
a6 5. Bd3 Nf6 6. Qe2 d6 7. c4 Nc6 8. Nxc6 bxc6 9. O-O e5 10. f4 Be7 11. b3 exf4
12. Bxf4 Ng4 13. Nd2 Bf6 14. Rad1 g5 15. Bg3 h5 16. e5 Bxe5 17. Ne4 Ra7 18. c5
Re7 19. Bxe5 Nxe5 20. Nxd6+ Kf8 21. Bf5 Ng4 22. Nxc8 Qc7 23. Qxe7+ 1-0

[Event "25e tournoi 1hKO"]
[Site "Montigny le Bretonneux"]
[Date "2023.05.20"]
[Round "5.3"]
[White "Briquet, Tom"]
[Black "Lim, Chin"]
[Result "0-1"]
[WhiteElo "1548"]
[BlackElo "1903"]
[Annotator "Rivier,Sylvain"]
[PlyCount "44"]
[EventDate "2023.??.??"]

{DÃ©fense franÃ§aise, variante Steinitz} 1. e4 e6 2. d4 d5 3. Nc3 Nf6 4. e5
Nfd7 5. f4 c5 6. Nf3 Nc6 7. Be3 Be7 8. Be2 O-O 9. O-O cxd4 10. Nxd4 Nxd4 11.
Bxd4 f6 12. Bg4 f5 13. Bh3 Nc5 14. g4 g6 15. gxf5 gxf5 16. Kh1 Bd7 17. Rg1+ Kh8
18. Nxd5 Bc6 19. c4 Ne4 20. Qh5 Bxd5 21. cxd5 Qxd5 22. Bg2 Qxd4 0-1

[Event "25e tournoi 1hKO"]
[Site "Montigny le Bretonneux"]
[Date "2023.05.20"]
[Round "5.4"]
[White "Forissier, Nicolas"]
[Black "Piquard, Yaroslav"]
[Result "0-1"]
[WhiteElo "1887"]
[BlackElo "1616"]
[Annotator "Rivier,Sylvain"]
[PlyCount "66"]
[EventDate "2023.??.??"]

{Gambit dame, dÃ©fense semi-slave} 1. d4 d5 2. c4 c6 3. Nc3 Nf6 4. e3 e6 5. Nf3
Nbd7 6. Bd3 dxc4 7. Bxc4 b5 8. Bb3 a6 9. O-O Bb7 10. Re1 c5 11. Bc2 Be7 12. e4
Nb6 13. Bg5 cxd4 14. Nxd4 Bc5 15. Nf3 Qxd1 16. Raxd1 O-O 17. h3 Rac8 18. Bd3 b4
19. Nb1 Na4 20. Re2 Bb6 21. e5 Nd5 22. Be4 h6 23. Be7 Rfe8 24. Bxb4 Nxb4 25.
Bxb7 Rc7 26. a3 Rxb7 27. axb4 Bd8 28. b3 Nb6 29. Nc3 Be7 30. b5 Rc7 31. Ne4
axb5 32. Nd6 Rd8 33. Red2 b4 {suite non notÃ©e} 0-1

[Event "25e tournoi 1hKO"]
[Site "Montigny le Bretonneux"]
[Date "2023.05.20"]
[Round "5.5"]
[White "Fayolle, Guy"]
[Black "Claisse, Patrick"]
[Result "1/2-1/2"]
[WhiteElo "1615"]
[BlackElo "1702"]
[Annotator "Rivier,Sylvain"]
[PlyCount "56"]
[EventDate "2023.??.??"]

{DÃ©fense sicilienne, variante Najdorf} 1. e4 c5 2. Nf3 d6 3. d4 cxd4 4. Nxd4
Nf6 5. Nc3 a6 6. Be3 e5 7. Nb3 Be6 8. Qd2 Be7 9. f3 d5 10. exd5 Nxd5 11. Nxd5
Qxd5 12. Bd3 Bh4+ 13. Ke2 Nc6 14. Nc5 Nd4+ 15. Bxd4 exd4 16. Nxe6 Qxe6+ 17. Kf1
O-O 18. g3 Bf6 19. Kg2 Rfe8 20. Rhe1 Qd7 21. Be4 Rab8 22. Re2 g6 23. h4 Bg7 24.
Rae1 Qb5 25. b3 b6 26. Bd3 Rxe2+ 27. Qxe2 Qa5 28. a4 Rd8 {suite illisible}
1/2-1/2

[Event "25e tournoi 1hKO"]
[Site "Montigny le Bretonneux"]
[Date "2023.05.20"]
[Round "5.6"]
[White "Sondermeijer, Antoine"]
[Black "Goujon, Antoine"]
[Result "1/2-1/2"]
[WhiteElo "1485"]
[BlackElo "1638"]
[Annotator "Rivier,Sylvain"]
[PlyCount "76"]
[EventDate "2023.??.??"]

{DÃ©fense sicilienne} 1. e4 c5 2. Nf3 g6 3. d4 cxd4 4. Qxd4 Nf6 5. Bb5 a6 6. e5
axb5 7. exf6 Nc6 8. fxe7 Qxe7+ 9. Qe3 Bg7 10. Qxe7+ Kxe7 11. O-O d6 12. Nc3
Bxc3 13. bxc3 Be6 14. Re1 Kd7 15. a3 Rhe8 16. Bf4 Bc4 17. Rxe8 Rxe8 18. Re1
Rxe1+ 19. Nxe1 Ne5 20. f3 f6 21. h4 Ke6 22. Kf2 Kf5 23. Ke3 h5 24. Nd3 g5 25.
hxg5 fxg5 26. Bh2 Bf7 27. Nxe5 dxe5 28. g4+ Ke6 29. c4 bxc4 30. a4 hxg4 31.
fxg4 Bg6 32. c3 Bc2 33. a5 Kd5 34. Kd2 Be4 35. Bg1 Bf3 36. Be3 Bxg4 37. Bxg5
Bf5 38. Ke3 Bd3 1/2-1/2

[Event "25e tournoi 1hKO"]
[Site "Montigny le Bretonneux"]
[Date "2023.05.20"]
[Round "5.7"]
[White "Zheng, Linyi"]
[Black "Chevallier, Stephane"]
[Result "1-0"]
[WhiteElo "1561"]
[BlackElo "1617"]
[Annotator "Rivier,Sylvain"]
[PlyCount "81"]
[EventDate "2023.??.??"]

{DÃ©fense Caro-Kann, variante d'avance} 1. e4 c6 2. d4 d5 3. f3 Nd7 4. Bd3 g6
5. e5 e6 6. f4 Bg7 7. Nf3 Ne7 8. O-O c5 9. c3 c4 10. Bc2 Nb6 11. Nbd2 Bd7 12.
b3 Rc8 13. bxc4 Nxc4 14. Nxc4 Rxc4 15. Qe1 Rc7 16. Rb1 Qc8 17. Bb2 Bb5 18. Rf2
Bc4 19. a4 a6 20. Nd2 b5 21. Nxc4 bxc4 22. Ba3 O-O 23. a5 Re8 24. Ba4 Nc6 25.
Bd6 Rb7 26. Rb6 Rxb6 27. axb6 Qb7 28. Rb2 Rc8 29. Qb1 Bf8 30. Bc7 Be7 31. Bxc6
Qxc6 32. b7 Rf8 33. b8=Q Rxb8 34. Rxb8+ Kg7 35. Bd8 Bxd8 36. Rxd8 Qc7 37. Qb8
Qa5 38. Rg8+ Kh6 39. Qb2 Qa4 40. Qc1 Qb3 41. g4 1-0

[Event "25e tournoi 1hKO"]
[Site "Montigny le Bretonneux"]
[Date "2023.05.20"]
[Round "5.8"]
[White "Martin-Breteau, Paul"]
[Black "Ferreira, Carlos"]
[Result "1/2-1/2"]
[WhiteElo "1506"]
[BlackElo "1675"]
[Annotator "Rivier,Sylvain"]
[PlyCount "88"]
[EventDate "2023.??.??"]

{Défense Philidor} 1. e4 d6 2. d4 Nd7 3. Nf3 e5 4. Nc3 c6 5. a4 Ngf6 6. Bc4 Be7
7. O-O O-O 8. h3 Qc7 9. Qe2 h6 10. Rd1 Rd8 11. d5 c5 12. Nh4 Nf8 13. Qf3 a6 14.
Nf5 Bxf5 15. Qxf5 Ng6 16. Qf3 Nh7 17. g3 Bg5 18. h4 Bxc1 19. Raxc1 Qd7 20. Qg2
Nf6 21. Be2 h5 22. f3 Rab8 23. Qf1 Qe7 24. Rb1 Nh7 25. b4 Nh8 26. bxc5 g5 27.
Qh3 gxh4 28. Kh1 dxc5 29. g4 hxg4 30. fxg4 Ng6 31. d6 Qg5 32. Rb6 Nf4 33. Qf3
Nxe2 34. Qxe2 Nf6 35. Nd5 Nxd5 36. Rxd5 Kh7 37. Qf3 Kg7 38. d7 Qc1+ 39. Rd1
Qxc2 40. Qf6+ Kg8 41. Qg5+ Kf8 42. Qh6+ Kg8 43. Rg6+ fxg6 44. Qxg6+ Kh8 1/2-1/2

[Event "25e tournoi 1hKO"]
[Site "Montigny le Bretonneux"]
[Date "2023.05.20"]
[Round "5.9"]
[White "Guerin, Sasha"]
[Black "Hoarau, Jules"]
[Result "0-1"]
[WhiteElo "1194"]
[BlackElo "1416"]
[Annotator "Rivier,Sylvain"]
[PlyCount "56"]
[EventDate "2023.??.??"]

{DÃ©fense Pirc} 1. d4 Nf6 2. Nc3 g6 3. Bf4 d6 4. e4 Bg7 5. f3 Nbd7 6. Qd2 b6 7.
g4 h6 8. h4 Bb7 9. O-O-O e6 10. Bg2 a6 11. Nge2 Qe7 12. g5 Ng8 13. gxh6 Bxh6
14. Bg5 Bxg5 15. Qxg5 O-O-O 16. d5 e5 17. Bh3 Kb8 18. Bxd7 Qxd7 19. h5 Ne7 20.
hxg6 Nxg6 21. Ng3 Rdg8 22. Rxh8 Rxh8 23. Rh1 Rxh1+ 24. Nxh1 Qh3 25. Ng3 Bc8 26.
Nce2 Qg2 27. f4 Qf2 28. fxe5 Qe1# 0-1

[Event "25e tournoi 1hKO"]
[Site "Montigny le Bretonneux"]
[Date "2023.05.20"]
[Round "5.10"]
[White "Lamorelle, Alexey"]
[Black "Branson, James"]
[Result "1/2-1/2"]
[WhiteElo "1293"]
[BlackElo "1537"]
[Annotator "Rivier,Sylvain"]
[PlyCount "66"]
[EventDate "2023.??.??"]

{Partie des trois cavaliers} 1. e4 e5 2. Nf3 Nc6 3. Nc3 Be7 4. d4 exd4 5. Nxd4
Nxd4 6. Qxd4 d6 7. Qxg7 Bf6 8. Qg3 h5 9. Bd2 Ne7 10. O-O-O Rg8 11. Qe3 c6 12.
f4 Bg4 13. Re1 Qb6 14. Be2 Qxe3 15. Bxe3 Bxc3 16. bxc3 Be6 17. g3 h4 18. Bf2
hxg3 19. Bxg3 f5 20. exf5 Bxf5 21. Bh4 Rg7 22. Bh5+ Kd7 23. Bxe7 Rxe7 24. Rxe7+
Kxe7 25. Re1+ Kf6 26. Bf3 Rh8 27. Re2 Rh3 28. Bh1 Rxc3 29. Bg2 Rc4 30. Rf2 d5
31. Bf1 Rc3 32. Kb2 d4 33. a3 b5 {suite illisible} 1/2-1/2

[Event "25e tournoi 1hKO"]
[Site "Montigny le Bretonneux"]
[Date "2023.05.20"]
[Round "5.11"]
[White "Kissian, Pascal"]
[Black "Abdallaoui, Mohamed Mehdi"]
[Result "1-0"]
[WhiteElo "1523"]
[BlackElo "1352"]
[Annotator "Rivier,Sylvain"]
[PlyCount "46"]
[EventDate "2023.??.??"]

{Partie du pion dame, variante Tartacover} 1. d4 d5 2. Bg5 Nf6 3. Nf3 Nbd7 4.
e3 e6 5. Ne5 Bd6 6. f4 c5 7. c3 Qa5 8. Nd2 h5 9. h4 Bxe5 10. fxe5 Ng4 11. Be2
f5 12. exf6 Ndxf6 13. Bxf6 Nxf6 14. Qc2 Rh6 15. Qd1 Bd7 16. Nb3 Qc7 17. Nxc5
O-O-O 18. Qb3 Bc6 19. O-O-O Nd7 20. Nxd7 Qxd7 21. Qc2 Kb8 22. Rdf1 Ba4 23. b3
Bb5 {suite illisible} 1-0